ბათუმის შოთა რუსთაველის სახელმწიფო უნივერსიტეტის ბიბლიოთეკა

მასწავლებლის პროფესიული სტანდარტი / (ბიბ.ჩანაწერი № 37510)

000 -ლიდერი
ფიქსირებული სიგრძის საკონტროლო ველი 01458nam a2200217Ia 4500
001 - საკონტროლო ნომერი
საკონტროლო ველი 3474
003 - საკონტროლო ნომრის იდენტიფიკატორი
საკონტროლო ველი GE_BSU
005 - ბოლო ოპერაციის თარიღი და დრო
საკონტროლო ველი 20190620201343.0
008 - ფიქსირებული სიგრძის მონაცემთა ელემენტები - ზოგადი ინფორმაცია
ფიქსირებული სიგრძის საკონტროლო ველი 181216s2008||||ge |||||||||||||| ||ge ||
020 ## - წიგნის საერთაშორისო სტანდარტული ნომერი
International Standard Book Number 9789941003332
040 ## - კატალოგიზაციის წყარო
Transcribing agency GE_BSU
041 ## - ენის კოდი
Language code of text/sound track or separate title geo
080 ## - უნივერსალური ათობითი კლასიფიკაციის ინდექსი
Universal Decimal Classification number 373.5.035 მ–37
245 ## - ცნობა სათაურის შესახებ
Title მასწავლებლის პროფესიული სტანდარტი /
Remainder of title სახვითი და გამოყენებითი ხელოვნება. შრომითი სწავლება. საბუნებიმეტყველო მეცნიერებები. საზოგადოებრივი მეცნიერება. ქართული ენა და ლიტერატურა. დაწყებითი საფეხური. ფიზიკური აღზრდა. უცხოური ენები. მათემატიკა, მუსიკა. მასწავლებელთა პროფეს. განვ. ცენტრი.
250 ## - გამოცემის ცნობა
Edition statement პირველი რედაქცია
264 ## - წარმოების, გამოცემის, დისტრიბუციის და სხვა ცნობები
გამოცემის, წარმოების, დისტრიბუციის... ადგილი თბილისი,
გამოცემის, წარმოების, დისტრიბუციის... თარიღი 2008.
300 ## - ფიზიკური აღწერა
Extent 128 გვ. ;
Other physical details 29 სმ.
653 ## - INDEX TERM--UNCONTROLLED
Uncontrolled term მასწავლებლის პროფესიული სტანდარტი
710 ## - ADDED ENTRY--CORPORATE NAME
Corporate name or jurisdiction name as entry element მასწავლებელთა პროფეს. განვ. ცენტრი
9 (RLIN) 2696
942 ## - ADDED ENTRY ELEMENTS (KOHA)
Koha item type წიგნი
Source of classification or shelving scheme
ეგზემპლარები
ჩამოწერის სტატუსი დაკარგული ეგზემპლარის სტატუსი კლასიფიკაციის წყარო ან თაროზე გაწყობის სქემა დაზიანების სტატუსი არ გაიცემა მუდმივი მდებარეობა (დაცვის ადგილი) ამჟამინდელი ადგილსამყოფელი თაროზე განთავსების ადგილი შეძენის თარიღი სრული შენახვის შიფრი შტრიხკოდი ბოლო ოპერაციის თარიღი ეგზემპლარის მიმდევრობითი ნომერი (კეტერი?) ფასის ძალაში შესვლის თარიღი ეგზემპლარის სახეობა საჯარო შენიშვნა
          ბათუმის შოთა რუსთაველის სახელმწიფო უნივერსიტეტის მთავარი ბიბლიოთეკა ბათუმის შოთა რუსთაველის სახელმწიფო უნივერსიტეტის მთავარი ბიბლიოთეკა წიგნსაცავი 2018-12-17 373.5.035 მ–37 5068 2018-12-17 5068 2018-12-17 წიგნი
          ბათუმის შოთა რუსთაველის სახელმწიფო უნივერსიტეტის მთავარი ბიბლიოთეკა ბათუმის შოთა რუსთაველის სახელმწიფო უნივერსიტეტის მთავარი ბიბლიოთეკა   2018-12-17 373.5.035 მ–37 5069 2018-12-17 5069 2018-12-17 წიგნი